00627nam a2200181Ia 4500952013500000999001700135003000400152005001700156008004100173020001800214040000900232082001800241100002800259245006300287260004400350300000900394942004200403 00102ddc40708ETHICSaMESbMEScETHICSd2019-02-20g195.00l0o172.42 FOT/Wp38858r2019-02-20 00:00:00w2019-02-20yBKzGL45R4 c21837d21837OSt20200612115654.0190216s9999||||xx |||||||||||||| ||und|| a9781846841682 coclc a172.42bFOT/W aFotion, Nicholas 92676 0aWar And Ethics :bA New Just War Theory /cNicholas Fotion bContinuum Publications,c2008.aLondon: a178p cBK2ddch172.42iFOT/Wk172.42mFOT/W